[Event "K41 Foraars EMT Basis 3 2007"]
[Site "Valby"]
[Date "2007.05.06"]
[Round "5"]
[White "Hansen, Teddy"]
[Black "Krull, Carl"]
[Result "1/2-1/2"]
[WhiteElo "1359"]
[BlackElo "1330"]
[PlyCount "95"]
[EventDate "2007.??.??"]

1. e4 e5 2. Nf3 Nc6 3. Bb5 a6 4. Ba4 Bc5 5. c3 Nf6 6. O-O b5 7. Bc2 d6 8. d4
exd4 9. cxd4 Ba7 10. h3 O-O 11. Bg5 h6 12. Bh4 Qe7 13. Nc3 Re8 14. Nd5 Qd8 15.
Nxf6+ gxf6 16. Qd2 Kg7 17. Rac1 Ne7 18. Qd3 Ng6 19. Bg3 c5 20. Rfd1 Bb7 21. Re1
c4 22. Qd2 d5 23. e5 fxe5 24. Nxe5 Qg5 25. Qxg5 hxg5 26. Nxg6 fxg6 27. Be5+ Kh6
28. Re3 Bb6 29. Rce1 Bc6 30. Kf1 Bd7 31. Bd1 Re7 32. Bg4 Bf5 33. Bxf5 gxf5 34.
Bg7+ Rxg7 35. Re6+ Rg6 36. Rxg6+ Kxg6 37. Re6+ Kf7 38. Rxb6 Ke7 39. Ke2 Kd7 40.
f3 Re8+ 41. Kd2 g4 42. hxg4 fxg4 43. Rxa6 gxf3 44. gxf3 Kc7 45. Rf6 b4 46. Rf7+
Kc6 47. Rf6+ Kc7 48. Rf7+ 1/2-1/2

[Event "K41 Foraars EMT Basis 3 2007"]
[Site "Valby"]
[Date "2007.05.08"]
[Round "6"]
[White "Eiholt, Bjarne"]
[Black "Nielsen, Jorgen Kamp"]
[Result "0-1"]
[WhiteElo "1327"]
[BlackElo "1321"]
[PlyCount "114"]
[EventDate "2007.??.??"]

1. d4 Nf6 2. c4 e6 3. Nc3 c5 4. d5 exd5 5. cxd5 d6 6. Bg5 h6 7. Bh4 Be7 8. Nf3
a6 9. a4 O-O 10. e4 Bg4 11. Be2 Bxf3 12. Bxf3 Nxd5 13. Bxe7 Nxe7 14. O-O Nbc6
15. Be2 Nd4 16. Bc4 Rb8 17. a5 Nec6 18. Qa4 Ne5 19. Nd5 Kh8 20. f4 Nxc4 21.
Qxc4 Nc6 22. Qc3 Ne7 23. Rad1 Rc8 24. Rf3 Nc6 25. Rg3 Nd4 26. Kh1 f6 27. Re1
Qe8 28. f5 Nb5 29. Qd2 Qe5 30. Nf4 Kg8 31. Ng6 Qd4 32. Qxd4 Nxd4 33. Nxf8 Kxf8
34. Rc3 Re8 35. Rcc1 Nb3 36. Rcd1 Ke7 37. Rd3 Nxa5 38. Red1 Rd8 39. Rd5 Nc4 40.
R1d3 Ne5 41. Rb3 b5 42. Ra3 Ra8 43. Rd1 a5 44. Rda1 Nc4 45. R3a2 a4 46. b3 Nb6
47. bxa4 Nxa4 48. Kg1 Kd7 49. Kf2 Rc8 50. Ra3 Kc6 51. Ke3 Re8 52. Kf4 c4 53. g4
Nc5 54. Re3 b4 55. Rb1 Nd3+ 56. Kg3 Kb5 57. h4 Ra8 0-1

[Event "K41 Foraars EMT Basis 3 2007"]
[Site "Valby"]
[Date "2007.05.08"]
[Round "6"]
[White "Foss, Kim"]
[Black "Meldal, Peter"]
[Result "1-0"]
[WhiteElo "1469"]
[BlackElo "1148"]
[PlyCount "71"]
[EventDate "2007.??.??"]

1. b4 e5 2. Bb2 Bxb4 3. Bxe5 Nf6 4. c3 Be7 5. d4 Nc6 6. Bxf6 Bxf6 7. e4 d6 8.
Bb5 O-O 9. Nd2 Bd7 10. Ngf3 a6 11. Bd3 Re8 12. O-O Bg4 13. Re1 b5 14. Qc2 b4
15. Rac1 a5 16. Bb5 Bd7 17. Bxc6 Bxc6 18. cxb4 Ra6 19. bxa5 d5 20. exd5 Rxe1+
21. Rxe1 Bxd5 22. Qa4 c6 23. Ne4 Rxa5 24. Nxf6+ gxf6 25. Qd1 Rxa2 26. Nh4 Qc8
27. Qh5 Be6 28. Qh6 Qd8 29. Nf3 Bg4 30. Nh4 Ra4 31. h3 Be6 32. Nf3 Bd5 33. Re3
Ra1+ 34. Kh2 Ra2 35. Ne5 fxe5 36. Rg3+ 1-0

[Event "K41 Foraars EMT Basis 3 2007"]
[Site "Valby"]
[Date "2007.05.08"]
[Round "6"]
[White "Mikkelsen, Henning"]
[Black "Krogh, Soren"]
[Result "1-0"]
[WhiteElo "1234"]
[BlackElo "1210"]
[PlyCount "43"]
[EventDate "2007.??.??"]

1. b4 c6 2. Bb2 Qb6 3. a3 a5 4. Nf3 d5 5. Bd4 Qc7 6. h3 h5 7. e3 Bf5 8. c4 e6
9. cxd5 axb4 10. dxe6 fxe6 11. Bc4 b5 12. Bb3 c5 13. Be5 Qc6 14. axb4 Rxa1 15.
Bxa1 cxb4 16. O-O Rh6 17. Nh4 Bd3 18. Re1 Nf6 19. Qf3 Qxf3 20. Nxf3 Ne4 21. Ne5
Bd6 22. Nxd3 1-0

[Event "K41 Foraars EMT Basis 3 2007"]
[Site "Valby"]
[Date "2007.05.08"]
[Round "6"]
[White "Gjelstrup, Ole"]
[Black "Lichtenberg, Ivan"]
[Result "1-0"]
[WhiteElo "1312"]
[BlackElo "1341"]
[PlyCount "53"]
[EventDate "2007.??.??"]

1. e4 c5 2. d4 cxd4 3. c3 dxc3 4. Nxc3 d6 5. Bc4 Nf6 6. Nf3 e6 7. O-O Be7 8.
Qe2 O-O 9. Rd1 Nbd7 10. Be3 a6 11. Ng5 Ne5 12. Bb3 Qc7 13. Rac1 Nc6 14. Bf4 e5
15. Be3 Rd8 16. Nxf7 Rf8 17. Nxe5+ Kh8 18. Nf7+ Rxf7 19. Bxf7 Bf8 20. Bb3 Ng4
21. Qf3 Bd7 22. Qf7 Be7 23. Nd5 Qd8 24. Nxe7 Nxe7 25. Bd4 Qf8 26. Qxf8+ Rxf8
27. Rc7 1-0

[Event "K41 Foraars EMT Basis 3 2007"]
[Site "Valby"]
[Date "2007.05.08"]
[Round "6"]
[White "Kristensen, Steffen Michael"]
[Black "Hansen, Teddy"]
[Result "1/2-1/2"]
[WhiteElo "1349"]
[BlackElo "1359"]
[PlyCount "37"]
[EventDate "2007.??.??"]

1. c4 Nf6 2. d4 g6 3. Nc3 Bg7 4. e4 O-O 5. e5 Ne8 6. Nf3 d6 7. Bf4 c5 8. dxc5
Qa5 9. Be2 dxc5 10. O-O Nc6 11. Qa4 Qxa4 12. Nxa4 b6 13. Nc3 Nc7 14. Bd3 Ne6
15. Bg3 Bd7 16. Be4 Rad8 17. Rad1 Ned4 18. Bxc6 Bxc6 19. Nxd4 1/2-1/2

[Event "K41 Foraars EMT Basis 3 2007"]
[Site "Valby"]
[Date "2007.05.08"]
[Round "6"]
[White "Krull, Carl"]
[Black "Jorgensen, Rasmus"]
[Result "1/2-1/2"]
[WhiteElo "1330"]
[BlackElo "1300"]
[PlyCount "125"]
[EventDate "2007.??.??"]

1. e4 c5 2. Nf3 d6 3. d4 cxd4 4. Qxd4 Nc6 5. Bb5 Bd7 6. Bxc6 Bxc6 7. Nc3 Nf6 8.
Bg5 Qc7 9. O-O-O e5 10. Qd3 Rc8 11. Bxf6 gxf6 12. Nh4 Bd7 13. Nd5 Qd8 14. Kb1
Rc5 15. Qf3 Be7 16. Nxe7 Kxe7 17. Nf5+ Bxf5 18. Qxf5 Qc8 19. Qxc8 Rhxc8 20. c3
Rc4 21. f3 f5 22. exf5 Rf4 23. Rd2 Rxf5 24. Re1 Rf4 25. Rf2 f6 26. Kc2 b5 27.
Kd3 b4 28. Re4 Rxe4 29. fxe4 bxc3 30. bxc3 Ke6 31. Rb2 Rc7 32. c4 f5 33. exf5+
Kxf5 34. Rf2+ Ke6 35. Rf8 Rg7 36. g3 Re7 37. a4 Rb7 38. Rh8 Rf7 39. Re8+ Kf5
40. Rd8 Ke6 41. Rh8 Kd7 42. a5 Kc6 43. Ke4 Rc7 44. Rb8 Kc5 45. Rb2 Rf7 46. a6
Kc6 47. h3 h5 48. h4 Rg7 49. Kf3 Rf7+ 50. Kg2 Re7 51. Rb7 Rxb7 52. axb7 Kxb7
53. g4 a5 54. gxh5 a4 55. h6 a3 56. h7 a2 57. h8=Q a1=Q 58. Qh7+ Kb6 59. Qd3
Qa8+ 60. Kh3 Qc8+ 61. Kh2 Qd8 62. Qb3+ Kc5 63. Qb5+ 1/2-1/2

[Event "K41 Foraars EMT Basis 3 2007"]
[Site "Valby"]
[Date "2007.05.15"]
[Round "7"]
[White "Hansen, Teddy"]
[Black "Foss, Kim"]
[Result "1-0"]
[WhiteElo "1359"]
[BlackElo "1469"]
[PlyCount "31"]
[EventDate "2007.??.??"]

1. e4 e5 2. Nf3 d6 3. d4 f5 4. dxe5 fxe4 5. Ng5 d5 6. e6 Nh6 7. c4 c6 8. Nc3
Qa5 9. cxd5 cxd5 10. Qxd5 Bb4 11. Bb5+ Ke7 12. Ngxe4 Rd8 13. Bg5+ Kf8 14. Bxd8
Bxc3+ 15. Nxc3 Bxe6 16. Qf3+ 1-0

[Event "K41 Foraars EMT Basis 3 2007"]
[Site "Valby"]
[Date "2007.05.15"]
[Round "7"]
[White "Kristensen, Steffen Michael"]
[Black "Krull, Carl"]
[Result "0-1"]
[WhiteElo "1349"]
[BlackElo "1330"]
[PlyCount "118"]
[EventDate "2007.??.??"]

1. b3 e5 2. Bb2 Nc6 3. e4 Bb4 4. Bc4 Nf6 5. c3 Bc5 6. Qe2 O-O 7. Nf3 d5 8. Bd3
Bg4 9. O-O a6 10. b4 Ba7 11. Na3 b5 12. Nc2 Ne7 13. exd5 Ng6 14. h3 Nf4 15.
Bxh7+ Nxh7 16. Qxe5 Nxh3+ 17. gxh3 Bxf3 18. c4 Qg5+ 19. Qxg5 Nxg5 20. Kh2 bxc4
21. Rg1 f6 22. h4 Ne4 23. Ne3 c6 24. d6 Nxd6 25. Rg3 Bxe3 26. fxe3 Bh5 27. Rag1
g6 28. Rf1 Ne4 29. Rg2 Rad8 30. Bd4 Kh7 31. Rf4 f5 32. Rf1 Rd5 33. a3 a5 34.
bxa5 Rxa5 35. a4 c5 36. Be5 Rxa4 37. Rb1 Rb4 38. Ra1 Rb7 39. Ra4 Rd8 40. Rxc4
Nxd2 41. Rxc5 Nf3+ 42. Kg3 Nxe5 43. Rxe5 Kg7 44. Rg1 Rd1 45. Rxd1 Bxd1 46. Rd5
Be2 47. Rd4 Re7 48. Kf4 Kf6 49. Rd6+ Re6 50. Rd4 Bf1 51. Rb4 Bg2 52. Kg3 Bh1
53. Kf2 Re4 54. Rb6+ Kg7 55. Rb7+ Kh6 56. Rb8 Rg4 57. Kf1 Be4 58. h5 Kxh5 59.
Rh8+ Kg5 0-1

[Event "K41 Foraars EMT Basis 3 2007"]
[Site "Valby"]
[Date "2007.05.15"]
[Round "7"]
[White "Lichtenberg, Ivan"]
[Black "Jorgensen, Rasmus"]
[Result "0-1"]
[WhiteElo "1341"]
[BlackElo "1300"]
[PlyCount "48"]
[EventDate "2007.??.??"]

1. e4 c5 2. Nf3 d6 3. d4 cxd4 4. Nxd4 Nf6 5. Nc3 a6 6. Be2 e6 7. O-O Be7 8. Bg5
O-O 9. f4 Nc6 10. a3 Qb6 11. Kh1 Qxd4 12. Bd3 b5 13. Qf3 Qb6 14. Qh3 e5 15. f5
Nd4 16. Bxf6 Bxf6 17. Nd5 Qd8 18. c3 Nb3 19. Rad1 Nc5 20. Rf3 Nxd3 21. Rdxd3
Bb7 22. Rg3 Bxd5 23. exd5 Rc8 24. Rg4 Rc4 0-1

[Event "K41 Foraars EMT Basis 3 2007"]
[Site "Valby"]
[Date "2007.05.15"]
[Round "7"]
[White "Nielsen, Jorgen Kamp"]
[Black "Mikkelsen, Henning"]
[Result "1-0"]
[WhiteElo "1321"]
[BlackElo "1234"]
[PlyCount "55"]
[EventDate "2007.??.??"]

1. e4 e5 2. f4 exf4 3. Bc4 c6 4. Nc3 Bc5 5. d4 Bb6 6. Bxf4 d6 7. Nf3 Bg4 8. Bb3
Qf6 9. Be3 Nd7 10. O-O Nh6 11. Qe1 Qe7 12. Qh4 Nf6 13. Rae1 O-O-O 14. e5 dxe5
15. Bxh6 gxh6 16. Na4 Bxd4+ 17. Nxd4 Rxd4 18. Rxf6 Be6 19. Qf2 Rf4 20. Rxf4
exf4 21. Qxa7 Qf6 22. Nc5 Qd4+ 23. Kh1 Qxb2 24. Qxb7+ Kd8 25. Qxc6 Qg7 26. Qd6+
Kc8 27. Bc4 Rg8 28. Ba6# 1-0

[Event "K41 Foraars EMT Basis 3 2007"]
[Site "Valby"]
[Date "2007.05.15"]
[Round "7"]
[White "Krogh, Soren"]
[Black "Eiholt, Bjarne"]
[Result "0-1"]
[WhiteElo "1210"]
[BlackElo "1327"]
[PlyCount "58"]
[EventDate "2007.??.??"]

1. c4 c6 2. d4 d5 3. Nc3 e6 4. Nf3 Nf6 5. Bg5 Be7 6. e3 O-O 7. Bd3 dxc4 8. Bxc4
b5 9. Bd3 Bb7 10. O-O a6 11. Re1 Nbd7 12. Rc1 c5 13. Qe2 c4 14. Bb1 Qa5 15. Bf4
Rac8 16. Ne5 Nxe5 17. dxe5 Nd5 18. Qh5 g6 19. Qh6 Nxf4 20. exf4 Rfd8 21. Re3
Bf8 22. Qh4 Rd7 23. Rh3 h6 24. g4 Qd8 25. Qg3 b4 26. f5 bxc3 27. Bc2 Rd2 28.
Ba4 c2 29. f4 Rg2+ 0-1

[Event "K41 Foraars EMT Basis 3 2007"]
[Site "Valby"]
[Date "2007.05.15"]
[Round "7"]
[White "Meldal, Peter"]
[Black "Gjelstrup, Ole"]
[Result "0-1"]
[WhiteElo "1148"]
[BlackElo "1312"]
[PlyCount "56"]
[EventDate "2007.??.??"]

1. e4 e5 2. Nf3 d6 3. Bc4 Be6 4. Bxe6 fxe6 5. d3 Nc6 6. O-O Nf6 7. Ng5 Qd7 8.
f4 exf4 9. Bxf4 O-O-O 10. Nc3 h6 11. Nf3 e5 12. Be3 d5 13. exd5 Nxd5 14. Bf2
Nf4 15. h3 Bd6 16. Nb5 Rdf8 17. Nxd6+ Qxd6 18. a3 Qg6 19. Ne1 Nxh3+ 20. Kh2
Rxf2 21. Rxf2 Nxf2 22. Qe2 Rf8 23. Nf3 Qh5+ 24. Kg3 Nh1+ 25. Rxh1 Qxh1 26. Qe4
Qh5 27. Qh7 Nd4 28. Qxg7 Nf5+ 0-1